Every NBA Player to Average 20+PPG in the 2024-2025 Season - Statistics

General Stats
  • This quiz has been taken 125 times
  • The average score is 32 of 34
Answer Stats
Average Team Player % Correct
30.4 Bucks Giannis Antetokounmpo
100%
24.5 Warriors Stephen Curry
100%
26.6 Suns Kevin Durant
99%
29.6 Nuggets Nikola Jokic
99%
32.7 Thunder Shai Gilgeous-Alexander
99%
27.6 Timberwolves Anthony Edwards
98%
25.6 Suns Devin Booker
98%
26.0 Knicks Jalen Brunson
98%
26.8 Celtics Jayson Tatum
98%
24.4 Knicks Karl-Anthony Towns
98%
24.4 Lakers LeBron James
98%
26.1 Pistons Cade Cunningham
97%
24.0 Cavaliers Donovan Mitchell
97%
24.2 Hawks Trae Young
97%
24.9 Bucks Damian Lillard
96%
22.8 Clippers James Harden
96%
22.2 Celtics Jaylen Brown
96%
21.4 Nuggets Jamal Murray
95%
23.9 Heat Tyler Herro
95%
23.5 Kings/Spurs De'Aaron Fox
94%
21.6 Thunder Jalen Williams
93%
23.3 Bulls/Kings Zach Lavine
93%
20.6 Cavaliers Darius Garland
92%
22.2 Kings DeMar DeRozan
92%
22.2 Grizzlies Jaren Jackson Jr.
90%
20.5 Wizards Jordan Poole
89%
20.2 Lakers Austin Reaves
88%
24.2 Magic Franz Wagner
88%
20.2 Pacers Pascal Siakam
88%
21.0 Rockets Jalen Green
85%
20.3 Hornets Miles Bridges
78%
21.8 Clippers Norman Powell
78%
20.4 Bulls Coby White
77%
21.1 Raptors RJ Barrett
70%
No matching quizzes found
Score Distribution
Percent of People with Each Score
Percentile by Number Answered
Your Score History
You have not taken this quiz